000 00791cam a2200277 i 4500
001 13779
003 CO-MdFUSB
005 20230131125011.0
008 220621t2005 sp |||| |||| 00| 0 spa d
020 _a8481696951
040 _bspa.
_aCO-MdFUSB
_cCO-MdFUSB
_dCO-MdFUSBC
_erda
041 _aspa
082 0 4 _a223.9
_2L979p
100 1 _aLuzarraga, Jesús
245 1 0 _aPoesía : Cantar de los Cantares :
_bSendas del amor
_c/ Jesús Luzarraga
264 1 _aNavarra :
_bVerbo Divino,
_c[2005]
264 4 _c© 2005
300 _a650 Pág.
_c;
336 _2rdacontent
_atexto
_btxt
337 _2rdamedia
_asin mediación
_bn
338 _2rdacarrier
_avolumen
_bnc
630 0 7 _aBiblia.
_pAntiguo Testamento
630 0 7 _aBiblia.
_pCantares
942 _cBK
945 _aEstudiante
999 _c42722
_d42722